Metodología general para el análisis de los circuitos de distribución de la CNFL, S.A
Uloženo v:
| Hlavní autor: | |
|---|---|
| Médium: | Kniha |
| Vydáno: |
[San José, Costa Rica]
2007
|
| Témata: | |
| Tagy: |
Přidat tag
Žádné tagy, Buďte první, kdo vytvoří štítek k tomuto záznamu!
|
MARC
| LEADER | 00000nam a2200000Ia 4500 | ||
|---|---|---|---|
| 003 | 010298 | ||
| 005 | 20221231144105.0 | ||
| 008 | 140114s2007 cr a 000 ||s d | ||
| 040 | |c cru CEDI | ||
| 090 | |a TFG 5517 | ||
| 100 | |a Fernández Vásquez, Raúl Gerardo |9 3815 | ||
| 245 | |a Metodología general para el análisis de los circuitos de distribución de la CNFL, S.A | ||
| 260 | |c 2007 |b [San José, Costa Rica] | ||
| 300 | |a xii, 114 hojas; ilustraciones a color | ||
| 500 | |a Proyecto de graduación (bachillerato en ingeniería eléctrica)--Universidad de Costa Rica. Facultad de Ingeniería. Escuela de Ingeniería Eléctrica | ||
| 650 | |x REDES ELECTRICAS |x CIRCUITOS ELECTRICOS |x ANALISIS |x DISTRIBUCION DE ENERGIA ELECTRICA |x COMPAÑIA NACIONAL DE FUERZA Y LUZ (COSTA RICA) |9 4705 | ||
| 942 | |c TFG | ||
| 999 | |c 16742 |d 16742 | ||
